Nemo (nightwish) - lyrics - Statistics

General Stats
  • This quiz has been taken 27 times
  • The average score is 171 of 226
Answer Stats
Answer % Correct
a
94%
an
94%
I
94%
is
94%
of
94%
the
94%
The
94%
for
88%
For
88%
forever
88%
last
88%
lost
88%
One
88%
one
88%
ones
88%
This
88%
with
88%
and
81%
heart
81%
honest
81%
in
81%
me
81%
My
81%
my
81%
name
81%
Name
81%
Nemo
81%
To
81%
to
81%
without
81%
Without
81%
again
75%
All
75%
all
75%
dark
75%
dream
75%
how
75%
soothing
75%
wish
75%
as
69%
loving
69%
Oh
69%
once
69%
Once
69%
rain
69%
compass
63%
evermore
63%
everything
63%
I'd
63%
lifeline
63%
love
63%
your
63%
between
56%
find
56%
give
56%
go
56%
hope
56%
missing
56%
pages
56%
Sleep
56%
three
56%
Touch
56%
two
56%
angels
50%
flower
50%
reveal
50%
true
50%
Call
44%
gone
44%
help
44%
home
44%
past
44%
path
44%
sailing
44%
These
44%
Walk
44%
endeavor
38%
letting
38%
sins
38%
withered
38%
bloom
25%
lines
19%
No matching quizzes found
Score Distribution
Percent of People with Each Score
Percentile by Number Answered
Your Score History
You have not taken this quiz